000 00328pab a2200121 454500
008 180718b xxu||||| |||| 00| 0 eng d
100 _aChakravorti Robi
245 _aTerrorism: past present and future
362 _a29(36), 3 Sep 1994, p.2340-343
650 _aTerrorism
773 _aEconomic and Political Weekly
909 _a27636
999 _c27636
_d27636